000 00377nam a2200169Ia 4500
001 15932
003 IN-NITTTR
005 20251114233150.0
008 251113s9999||||xx |||||||||||||| ||eng||
040 _beng
040 _cIN-NITTTR
041 _aeng
082 _a823 N164V
100 _aNarayan, R. K.
245 0 _aVendor of sweets. /
_cNarayan, R. K.
942 _2ddc
_cBK
999 _c18566
_d18566